[Event "NB2 Erkel csoport"]
[Site "Dunaharaszti"]
[Date "2024.11.03"]
[Round "1.4"]
[White "Kovacs, Lajos"]
[Black "Szieberth, Adam"]
[Result "1/2-1/2"]
[WhiteElo "2189"]
[BlackElo "2253"]
[PlyCount "119"]
[EventDate "2024.11.03"]
[EventType "team-tourn"]
[EventRounds "11"]
[EventCountry "HUN"]
[Source "chess.hu"]
[SourceDate "2024.11.04"]
[WhiteTeam "Dunaharaszti MTK II."]
[BlackTeam "EUTender-Sinus-SDSE"]
[WhiteTeamCountry "HUN"]
[BlackTeamCountry "HUN"]

1. d4 Nf6 2. Nf3 g6 3. g3 Bg7 4. Bg2 O-O 5. O-O c5 6. c3 cxd4 7. cxd4 d5 8. Nc3
Ne4 9. Qb3 Nc6 10. e3 Nxc3 11. Qxc3 Bf5 12. Bd2 Be4 13. Qb3 Qd6 14. Rac1 Rab8
15. Ne1 Bxg2 16. Kxg2 e5 17. dxe5 Qxe5 18. Bc3 Qe4+ 19. Kg1 d4 20. exd4 Bxd4
21. Nc2 Bxc3 22. Qxc3 Ne5 23. f3 Qf5 24. Nd4 Qd7 25. Nb3 Rfe8 26. Rcd1 Qb5 27.
Rf2 Rbc8 28. Qa5 Qxa5 29. Nxa5 Rc7 30. Nb3 Rec8 31. f4 Ng4 32. Re2 Rc2 33. Rdd2
Rxd2 34. Rxd2 Rc7 35. Kg2 Ne3+ 36. Kf2 Re7 37. Na5 Ng4+ 38. Kf3 h5 39. Nc4 b5
40. Nd6 a6 41. Ne4 f5 42. Nc5 a5 43. h3 Nf6 44. Rd6 Kf7 45. Rb6 Nd5 46. Rb7
Rxb7 47. Nxb7 Nb4 48. a3 Nd3 49. b3 a4 50. bxa4 bxa4 51. Ke3 Nb2 52. Kd4 Ke6
53. Nc5+ Kd6 54. Nd3 Nxd3 55. Kxd3 h4 56. gxh4 Kd5 57. h5 gxh5 58. h4 Kc5 59.
Kc3 Kd5 60. Kd3 1/2-1/2

[Event "NB2 Erkel csoport"]
[Site "Dunaharaszti"]
[Date "2024.11.03"]
[Round "1.5"]
[White "Lehmann, Zoltan"]
[Black "Szekeres, Tibor"]
[Result "1-0"]
[WhiteElo "2270"]
[BlackElo "2045"]
[PlyCount "77"]
[EventDate "2024.11.03"]
[EventType "team-tourn"]
[EventRounds "11"]
[EventCountry "HUN"]
[Source "chess.hu"]
[SourceDate "2024.11.04"]
[WhiteTeam "EUTender-Sinus-SDSE"]
[BlackTeam "Dunaharaszti MTK II."]
[WhiteTeamCountry "HUN"]
[BlackTeamCountry "HUN"]

1. c4 Nf6 2. Nc3 e6 3. d4 Bb4 4. Bg5 h6 5. Bxf6 Qxf6 6. Rc1 O-O 7. e3 b6 8. Bd3
Bb7 9. f3 Qh4+ 10. g3 Qh5 11. Kf2 f5 12. Qb3 Bxc3 13. Rxc3 g5 14. d5 Na6 15.
Qc2 Nb4 16. Qb1 exd5 17. Bxf5 Rxf5 18. Qxf5 Rf8 19. Qxd7 dxc4 20. e4 Nd3+ 21.
Ke3 Nc5 22. Qd4 g4 23. Qxc4+ Rf7 24. Ne2 Ba6 25. Nf4 Qg5 26. Qd5 gxf3 27. Qxg5+
hxg5 28. Nh3 g4 29. Nf2 Bb7 30. b4 Na4 31. Rc2 Bc8 32. Rd1 Be6 33. Rd8+ Kg7 34.
Nd3 a5 35. Nf4 Bd7 36. Rxc7 Bb5 37. Nh5+ Kg6 38. Rd6+ Kxh5 39. Rxf7 1-0

[Event "NB2 Erkel csoport"]
[Site "Dunaharaszti"]
[Date "2024.11.03"]
[Round "1.7"]
[White "Vasyliv, Stanislav"]
[Black "Kovacs, Istvan"]
[Result "1/2-1/2"]
[WhiteElo "2158"]
[BlackElo "2029"]
[PlyCount "129"]
[EventDate "2024.11.03"]
[EventType "team-tourn"]
[EventRounds "11"]
[EventCountry "HUN"]
[Source "chess.hu"]
[SourceDate "2024.11.04"]
[WhiteTeam "EUTender-Sinus-SDSE"]
[BlackTeam "Dunaharaszti MTK II."]
[WhiteTeamCountry "HUN"]
[BlackTeamCountry "HUN"]

1. Nf3 Nf6 2. d4 e6 3. c4 b6 4. e3 Bb7 5. Bd3 Ne4 6. O-O f5 7. b3 Be7 8. Bb2
O-O 9. Qe2 Qe8 10. Rd1 d6 11. Nbd2 Nd7 12. Nf1 Qh5 13. Ne1 Qxe2 14. Bxe2 Rae8
15. Nd3 Bf6 16. Ng3 Nxg3 17. hxg3 e5 18. dxe5 Nxe5 19. Nf4 Ng4 20. Bd4 Be5 21.
Bf3 Be4 22. Nd5 c5 23. Bxe5 Nxe5 24. Be2 Bxd5 25. Rxd5 Rf6 26. Rad1 Ree6 27. f4
Nf7 28. Kf2 Kf8 29. g4 fxg4 30. Bxg4 Re8 31. Bf3 h6 32. R5d2 Re7 33. g3 g5 34.
Bh5 gxf4 35. exf4 Ng5 36. Re2 Rxe2+ 37. Kxe2 Ne6 38. Ke3 Nd4 39. Kd3 Re6 40.
Rd2 Re1 41. g4 Kg7 42. Rg2 Ne6 43. Rf2 Kf6 44. Be8 Rd1+ 45. Ke2 Rg1 46. Bh5 Rg3
47. Kd2 Nd4 48. Kc1 Re3 49. Kd2 Rg3 50. Kc1 a5 51. Kb2 a4 52. bxa4 Re3 53. Rg2
Nc6 54. g5+ hxg5 55. fxg5+ Kg7 56. Rf2 Ne5 57. Kc2 Ra3 58. Kb1 Rxa4 59. Rf6
Rb4+ 60. Ka1 Nxc4 61. Rf7+ Kg8 62. Re7 Na3 63. Re8+ Kg7 64. Re7+ Kf8 65. Re8+
1/2-1/2

[Event "NB2 Erkel csoport"]
[Site "Dunaharaszti"]
[Date "2024.11.03"]
[Round "1.8"]
[White "Fodre, Sandor"]
[Black "Nadasi, Balazs"]
[Result "1/2-1/2"]
[WhiteElo "1966"]
[BlackElo "2116"]
[PlyCount "20"]
[EventDate "2024.11.03"]
[EventType "team-tourn"]
[EventRounds "11"]
[EventCountry "HUN"]
[Source "chess.hu"]
[SourceDate "2024.11.04"]
[WhiteTeam "Dunaharaszti MTK II."]
[BlackTeam "EUTender-Sinus-SDSE"]
[WhiteTeamCountry "HUN"]
[BlackTeamCountry "HUN"]

1. e4 c5 2. c3 d5 3. exd5 Qxd5 4. d4 Nc6 5. Nf3 cxd4 6. cxd4 e5 7. Nc3 Bb4 8.
Bd2 Bxc3 9. Bxc3 e4 10. Ne5 Nxe5 1/2-1/2

[Event "NB2 Erkel csoport"]
[Site "Dunaharaszti"]
[Date "2024.11.03"]
[Round "1.9"]
[White "Kertesz, Aron Borsa"]
[Black "Kovacs, Milan"]
[Result "1-0"]
[WhiteElo "1916"]
[BlackElo "2038"]
[PlyCount "85"]
[EventDate "2024.11.03"]
[EventType "team-tourn"]
[EventRounds "11"]
[EventCountry "HUN"]
[Source "chess.hu"]
[SourceDate "2024.11.04"]
[WhiteTeam "EUTender-Sinus-SDSE"]
[BlackTeam "Dunaharaszti MTK II."]
[WhiteTeamCountry "HUN"]
[BlackTeamCountry "HUN"]

1. e4 d6 2. d4 Nf6 3. Bd3 g6 4. f4 Bg7 5. Nf3 O-O 6. O-O Bg4 7. h3 Bxf3 8. Qxf3
Nc6 9. c3 h6 10. Be3 e5 11. fxe5 dxe5 12. d5 Ne7 13. Bxh6 Bxh6 14. Qxf6 Bg7 15.
Qh4 c6 16. c4 f5 17. Nc3 Bf6 18. Qf2 f4 19. c5 g5 20. d6 Ng6 21. Be2 Kg7 22.
Bg4 b5 23. b4 a5 24. a4 axb4 25. axb5 f3 26. bxc6 fxg2 27. Qxg2 Nf4 28. Qg3
bxc3 29. c7 Qe8 30. d7 Qe7 31. Rxa8 Qxc5+ 32. Qf2 Qxc7 33. Ra7 Qd8 34. Ra3 Be7
35. Qa2 Qb6+ 36. Kh1 Bxa3 37. Qxa3 Qd4 38. Qe7+ Kg8 39. Qxg5+ Kh8 40. Qh6+ Kg8
41. Be6+ Nxe6 42. Qxe6+ Kg7 43. Qg4+ 1-0

[Event "NB2 Erkel csoport"]
[Site "Dunaharaszti"]
[Date "2024.11.03"]
[Round "1.10"]
[White "Neszmenyi, Zoltan"]
[Black "Szabo, A. Martin"]
[Result "0-1"]
[WhiteElo "1937"]
[BlackElo "1955"]
[PlyCount "74"]
[EventDate "2024.11.03"]
[EventType "team-tourn"]
[EventRounds "11"]
[EventCountry "HUN"]
[Source "chess.hu"]
[SourceDate "2024.11.04"]
[WhiteTeam "Dunaharaszti MTK II."]
[BlackTeam "EUTender-Sinus-SDSE"]
[WhiteTeamCountry "HUN"]
[BlackTeamCountry "HUN"]

1. Nf3 Nf6 2. g3 g6 3. Bg2 Bg7 4. O-O c5 5. c4 O-O 6. Nc3 Nc6 7. e3 d5 8. cxd5
Nxd5 9. Nxd5 Qxd5 10. Nd4 Qd6 11. Nxc6 bxc6 12. Qa4 Bd7 13. Rd1 Rfb8 14. Qc2
Bg4 15. f3 Bf5 16. d3 Be6 17. Kh1 Rb4 18. d4 cxd4 19. b3 c5 20. Ba3 Rb5 21.
exd4 Bxd4 22. Bb2 Rd8 23. Bf1 Rbb8 24. Rd2 Bd5 25. Bg2 Rbc8 26. Rad1 e5 27. Ba3
Qf6 28. Rf1 c4 29. b4 c3 30. Rdd1 Qa6 31. Bc1 Qxa2 32. Qxa2 Bxa2 33. f4 Bb3 34.
Rde1 exf4 35. Bxf4 c2 36. Bg5 Bc3 37. Re3 Rd1 0-1

[Event "NB2 Erkel csoport"]
[Site "Dunaharaszti"]
[Date "2024.11.03"]
[Round "1.11"]
[White "Sass, Oscar"]
[Black "Farkas, Sara"]
[Result "1-0"]
[WhiteElo "1875"]
[BlackElo "1752"]
[PlyCount "103"]
[EventDate "2024.11.03"]
[EventType "team-tourn"]
[EventRounds "11"]
[EventCountry "HUN"]
[Source "chess.hu"]
[SourceDate "2024.11.04"]
[WhiteTeam "EUTender-Sinus-SDSE"]
[BlackTeam "Dunaharaszti MTK II."]
[WhiteTeamCountry "HUN"]
[BlackTeamCountry "HUN"]

1. d4 d5 2. Nf3 Nf6 3. g3 e6 4. Bg2 Be7 5. O-O O-O 6. c4 c6 7. Nc3 Nbd7 8. Qd3
Re8 9. Rd1 Bb4 10. Bf4 Bxc3 11. Qxc3 Ne4 12. Qc2 f6 13. Rac1 Qe7 14. Ne1 f5 15.
Nd3 h6 16. Be5 Rf8 17. c5 Nxe5 18. Nxe5 Qe8 19. b4 a6 20. a4 Bd7 21. Ra1 Nf6
22. Bf3 Qc8 23. Rdb1 Qc7 24. e3 Ra7 25. Be2 Rfa8 26. Qb2 Qb8 27. Qb3 Be8 28.
Ra2 Nd7 29. Nxd7 Bxd7 30. Rab2 Qd8 31. Kg2 g6 32. b5 axb5 33. axb5 Qc8 34. bxc6
Bxc6 35. Bb5 Kf7 36. Bxc6 bxc6 37. Qd1 Ke7 38. Qd2 g5 39. Qe2 g4 40. Qd2 Qf8
41. Rb7+ Kf6 42. e4 Kg6 43. exd5 exd5 44. Rxa7 Rxa7 45. Rb6 Rc7 46. Qf4 Qc8 47.
Qd6+ Kg7 48. Qe5+ Kg6 49. Qxd5 Kg7 50. Qe5+ Kh7 51. Qd6 h5 52. d5 1-0

[Event "NB2 Erkel csoport"]
[Site "Dunaharaszti"]
[Date "2024.11.03"]
[Round "1.12"]
[White "Czibula, Istvan"]
[Black "Benko, Csanad Botond"]
[Result "1-0"]
[WhiteElo "1560"]
[BlackElo "1800"]
[PlyCount "83"]
[EventDate "2024.11.03"]
[EventType "team-tourn"]
[EventRounds "11"]
[EventCountry "HUN"]
[Source "chess.hu"]
[SourceDate "2024.11.04"]
[WhiteTeam "Dunaharaszti MTK II."]
[BlackTeam "EUTender-Sinus-SDSE"]
[WhiteTeamCountry "HUN"]
[BlackTeamCountry "HUN"]

1. e4 e5 2. Nf3 Nc6 3. Bb5 a6 4. Bxc6 dxc6 5. d3 Bg4 6. h3 Bxf3 7. Qxf3 c5 8.
O-O Ne7 9. Nd2 Nc6 10. Nb3 Nd4 11. Nxd4 cxd4 12. Qg3 Qd6 13. f4 O-O-O 14. fxe5
Qe6 15. Qg4 Qxg4 16. hxg4 Rd7 17. Bd2 Bc5 18. Rf3 Kd8 19. Raf1 Ke8 20. Rf5 Bb6
21. Bb4 c5 22. Ba3 a5 23. b3 Re7 24. Bc1 Bc7 25. e6 fxe6 26. Rxc5 h6 27. Bb2 e5
28. Rb5 b6 29. Rd5 Re6 30. Ba3 Bd8 31. Bd6 Bf6 32. Rf5 g6 33. Rxf6 Rxf6 34.
Bxe5 Ke7 35. Bxf6+ Kxf6 36. Rxd4 Ke5 37. Rd7 Rc8 38. c4 Kf4 39. Kf2 Kxg4 40.
Rf7 a4 41. b4 b5 42. c5 1-0

[Event "NB2 Erkel csoport"]
[Site "Gyongyossolymos"]
[Date "2024.11.03"]
[Round "1.1"]
[White "Feher, Gyula"]
[Black "Egyed, Andras"]
[Result "1/2-1/2"]
[WhiteElo "2313"]
[BlackElo "2198"]
[PlyCount "28"]
[EventDate "2024.11.03"]
[EventType "team-tourn"]
[EventRounds "11"]
[EventCountry "HUN"]
[Source "chess.hu"]
[SourceDate "2024.11.04"]
[WhiteTeam "Sport Muhely SE"]
[BlackTeam "Kekesi SE II"]
[WhiteTeamCountry "HUN"]
[BlackTeamCountry "HUN"]

1. e4 e6 2. d4 d5 3. Nd2 dxe4 4. Nxe4 Bd7 5. Nf3 Bc6 6. Bd3 Nd7 7. O-O Ngf6 8.
Ned2 Be7 9. Nc4 Bxf3 10. Qxf3 c6 11. Rd1 O-O 12. Ne5 Qc7 13. Bc4 Bd6 14. Nxd7
Nxd7 1/2-1/2

[Event "NB2 Erkel csoport"]
[Site "Gyongyossolymos"]
[Date "2024.11.03"]
[Round "1.2"]
[White "Mede, Istvan"]
[Black "Farago, Sandor"]
[Result "1/2-1/2"]
[WhiteElo "2141"]
[BlackElo "2038"]
[PlyCount "73"]
[EventDate "2024.11.03"]
[EventType "team-tourn"]
[EventRounds "11"]
[EventCountry "HUN"]
[Source "chess.hu"]
[SourceDate "2024.11.04"]
[WhiteTeam "Kekesi SE II"]
[BlackTeam "Sport Muhely SE"]
[WhiteTeamCountry "HUN"]
[BlackTeamCountry "HUN"]

1. e4 c5 2. Nf3 d6 3. d4 cxd4 4. Nxd4 Nf6 5. Nc3 a6 6. h3 e5 7. Nde2 h5 8. g3
b5 9. Bg2 Bb7 10. Bg5 Be7 11. O-O Nbd7 12. a3 O-O 13. Qd2 Nc5 14. Bxf6 Bxf6 15.
Rad1 Be7 16. Nd5 Bg5 17. f4 Bh6 18. Qc3 Rc8 19. Qf3 exf4 20. Qxh5 Bxd5 21. Qxd5
Ne6 22. Nxf4 Bxf4 23. gxf4 Rxc2 24. Rd2 Qb6+ 25. Kh1 Rfc8 26. f5 Rxd2 27. Qxd2
Qd4 28. Rd1 Qxd2 29. Rxd2 Nf4 30. Bf3 Nxh3 31. Rxd6 Rc2 32. e5 Nf2+ 33. Kg1
Nh3+ 34. Kh1 Nf2+ 35. Kg1 Nh3+ 36. Kh1 Nf2+ 37. Kg1 1/2-1/2

[Event "NB2 Erkel csoport"]
[Site "Gyongyossolymos"]
[Date "2024.11.03"]
[Round "1.3"]
[White "Meszaros, Andras"]
[Black "Gorcsi, Gabor"]
[Result "1-0"]
[WhiteElo "2149"]
[BlackElo "2184"]
[PlyCount "113"]
[EventDate "2024.11.03"]
[EventType "team-tourn"]
[EventRounds "11"]
[EventCountry "HUN"]
[Source "chess.hu"]
[SourceDate "2024.11.04"]
[WhiteTeam "Sport Muhely SE"]
[BlackTeam "Kekesi SE II"]
[WhiteTeamCountry "HUN"]
[BlackTeamCountry "HUN"]

1. e4 c5 2. Nf3 d6 3. Nc3 Nf6 4. e5 dxe5 5. Nxe5 Nbd7 6. Nc4 Nb6 7. b3 Bg4 8.
Be2 Bxe2 9. Qxe2 e6 10. Bb2 Be7 11. O-O Nxc4 12. bxc4 O-O 13. d3 Qb6 14. Rab1
Qc6 15. Rfe1 Rfd8 16. h3 Rd7 17. Qe5 Bd6 18. Qg5 h6 19. Qh4 Be7 20. Nd1 Ne8 21.
Qg3 Bf6 22. Ne3 Bxb2 23. Rxb2 Nf6 24. Qe5 Rd4 25. Nf1 Rc8 26. Nd2 b6 27. Nf3
Rdd8 28. Qe3 Qa4 29. Ne5 Qa3 30. Qc1 Qc3 31. a4 Rd6 32. Rb3 Qa5 33. Re4 Qxa4
34. Ra3 Qe8 35. Rxa7 Nd7 36. Nf3 Ra8 37. Qa1 Rxa7 38. Qxa7 Qb8 39. Qa6 Rc6 40.
Re1 Ne5 41. Nd2 Kh7 42. Qb5 Qb7 43. Ra1 Nd7 44. Qa4 f5 45. Ra2 Qc8 46. Nf3 Rc7
47. Ra3 Qb7 48. Rc3 Qc6 49. Qa1 Qd6 50. Qa8 Nf6 51. Ra3 Kg6 52. Qb8 Qf4 53.
Nh4+ Kh5 54. g3 Qc1+ 55. Kh2 Rc8 56. Qxc8 g5 57. Qxe6 1-0

[Event "NB2 Erkel csoport"]
[Site "Gyongyossolymos"]
[Date "2024.11.03"]
[Round "1.4"]
[White "Levay, Sorin"]
[Black "Muranyi, Peter"]
[Result "1-0"]
[WhiteElo "2077"]
[BlackElo "2083"]
[PlyCount "79"]
[EventDate "2024.11.03"]
[EventType "team-tourn"]
[EventRounds "11"]
[EventCountry "HUN"]
[Source "chess.hu"]
[SourceDate "2024.11.04"]
[WhiteTeam "Kekesi SE II"]
[BlackTeam "Sport Muhely SE"]
[WhiteTeamCountry "HUN"]
[BlackTeamCountry "HUN"]

1. Nf3 b6 2. e4 Bb7 3. d3 e6 4. Nbd2 Nf6 5. g3 d5 6. e5 Nfd7 7. Bg2 c5 8. O-O
Nc6 9. Re1 Be7 10. h4 Qc7 11. Nf1 O-O-O 12. Bf4 h6 13. c3 b5 14. a4 b4 15. Ne3
Ndb8 16. Rc1 Qb6 17. Qe2 Na5 18. cxb4 Qxb4 19. Nc2 Qb6 20. b4 cxb4 21. Nxb4+
Kd7 22. Nc2 Rc8 23. Be3 Bc5 24. Nfd4 Nbc6 25. Rb1 Nxd4 26. Nxd4 Qc7 27. Nb5 Qb8
28. Bxc5 Rxc5 29. Nd6 Qc7 30. Nxf7 Rf8 31. Qg4 Ke7 32. Nd6 Bc8 33. Qg6 Kd8 34.
Bh3 Qd7 35. Rb8 Kc7 36. Rxc8+ Rxc8 37. Bxe6 Qxa4 38. Qxg7+ Kb8 39. Rb1+ Ka8 40.
Bxc8 1-0

[Event "NB2 Erkel csoport"]
[Site "Gyongyossolymos"]
[Date "2024.11.03"]
[Round "1.5"]
[White "Juhasz, Mark"]
[Black "Harmatosi, Jozsef"]
[Result "1/2-1/2"]
[WhiteElo "2039"]
[BlackElo "2053"]
[PlyCount "69"]
[EventDate "2024.11.03"]
[EventType "team-tourn"]
[EventRounds "11"]
[EventCountry "HUN"]
[Source "chess.hu"]
[SourceDate "2024.11.04"]
[WhiteTeam "Sport Muhely SE"]
[BlackTeam "Kekesi SE II"]
[WhiteTeamCountry "HUN"]
[BlackTeamCountry "HUN"]

1. c4 c6 2. d4 d5 3. cxd5 cxd5 4. Nf3 Nf6 5. Nc3 Nc6 6. Bf4 e6 7. e3 Bd6 8.
Bxd6 Qxd6 9. Bd3 O-O 10. O-O e5 11. dxe5 Nxe5 12. Nxe5 Qxe5 13. h3 Rd8 14. Qf3
Be6 15. Rfd1 h5 16. Rab1 g6 17. Ne2 Kg7 18. Qf4 Qxf4 19. Nxf4 d4 20. Nxe6+ fxe6
21. Re1 e5 22. exd4 Rxd4 23. Bc2 Rd2 24. Bb3 e4 25. Rbc1 Rad8 26. Rc7+ Kh6 27.
Rxb7 Rxb2 28. Rf7 Rd6 29. Rc1 e3 30. fxe3 Rdd2 31. Rxf6 Rxg2+ 32. Kh1 Rh2+ 33.
Kg1 Rhg2+ 34. Kh1 Rh2+ 35. Kg1 1/2-1/2

[Event "NB2 Erkel csoport"]
[Site "Gyongyossolymos"]
[Date "2024.11.03"]
[Round "1.6"]
[White "Mozes, Ervin"]
[Black "Torok, Tamas Titusz"]
[Result "1/2-1/2"]
[WhiteElo "2012"]
[BlackElo "2003"]
[PlyCount "38"]
[EventDate "2024.11.03"]
[EventType "team-tourn"]
[EventRounds "11"]
[EventCountry "HUN"]
[Source "chess.hu"]
[SourceDate "2024.11.04"]
[WhiteTeam "Kekesi SE II"]
[BlackTeam "Sport Muhely SE"]
[WhiteTeamCountry "HUN"]
[BlackTeamCountry "HUN"]

1. e4 e5 2. Nf3 Nc6 3. Bb5 Nge7 4. O-O a6 5. Ba4 Ng6 6. c3 d5 7. exd5 Qxd5 8.
Bb3 Qd3 9. Bc2 Qd6 10. d4 Be7 11. Re1 exd4 12. Nxd4 Nxd4 13. Qxd4 O-O 14. Qxd6
Bxd6 15. Nd2 Bd7 16. Ne4 Rfe8 17. Be3 Be7 18. Bc5 Bxc5 19. Nxc5 Bc6 1/2-1/2

[Event "NB2 Erkel csoport"]
[Site "Gyongyossolymos"]
[Date "2024.11.03"]
[Round "1.7"]
[White "Borda, Lajos"]
[Black "Domany, Mihaly"]
[Result "1/2-1/2"]
[WhiteElo "1970"]
[BlackElo "2040"]
[PlyCount "106"]
[EventDate "2024.11.03"]
[EventType "team-tourn"]
[EventRounds "11"]
[EventCountry "HUN"]
[Source "chess.hu"]
[SourceDate "2024.11.04"]
[WhiteTeam "Sport Muhely SE"]
[BlackTeam "Kekesi SE II"]
[WhiteTeamCountry "HUN"]
[BlackTeamCountry "HUN"]

1. e4 e5 2. Nc3 Nc6 3. d3 Nge7 4. g3 d6 5. Bg2 f6 6. Nge2 g6 7. d4 Bg7 8. Be3
exd4 9. Nxd4 Nxd4 10. Bxd4 Nc6 11. Be3 Be6 12. Qd2 Ne5 13. Bh6 Bh3 14. O-O Bxg2
15. Kxg2 Qd7 16. Bxg7 Qxg7 17. Nd5 O-O 18. f4 Nc6 19. b4 f5 20. exf5 Rxf5 21.
Rae1 Rf7 22. b5 Nd4 23. Re4 Nf5 24. Rfe1 c6 25. Ne3 d5 26. Re5 Nd6 27. c4 Nxc4
28. Nxc4 dxc4 29. bxc6 bxc6 30. Qb4 Raf8 31. Qxc4 Qf6 32. Re6 Qb2+ 33. R1e2 Qb7
34. Qxc6 Qxc6+ 35. Rxc6 Rd8 36. a4 Rd5 37. h4 Kg7 38. Rce6 Ra5 39. R2e4 h5 40.
R6e5 Ra6 41. Kf3 Rb7 42. Rb5 Rxb5 43. axb5 Rb6 44. Ra4 Rxb5 45. Rxa7+ Kf6 46.
Ra8 Rb3+ 47. Kg2 Kf5 48. Kh3 Kf6 49. Ra6+ Kf5 50. Rc6 Ra3 51. Rc5+ Kf6 52. Rg5
Rb3 53. Kg2 Rb2+ 1/2-1/2

[Event "NB2 Erkel csoport"]
[Site "Gyongyossolymos"]
[Date "2024.11.03"]
[Round "1.8"]
[White "Foldi, Martin"]
[Black "Metaxasz, Vaszilisz"]
[Result "1-0"]
[WhiteElo "2070"]
[BlackElo "1924"]
[PlyCount "93"]
[EventDate "2024.11.03"]
[EventType "team-tourn"]
[EventRounds "11"]
[EventCountry "HUN"]
[Source "chess.hu"]
[SourceDate "2024.11.04"]
[WhiteTeam "Kekesi SE II"]
[BlackTeam "Sport Muhely SE"]
[WhiteTeamCountry "HUN"]
[BlackTeamCountry "HUN"]

1. e4 e5 2. Nf3 Nc6 3. d4 exd4 4. Bc4 Nf6 5. e5 d5 6. Bb5 Ne4 7. Nxd4 Bd7 8.
Bxc6 bxc6 9. O-O Bc5 10. f3 Ng5 11. f4 Ne4 12. Be3 O-O 13. Nd2 Qe7 14. Nxe4
dxe4 15. c3 Rab8 16. b4 Bb6 17. Qc2 f5 18. Qf2 c5 19. bxc5 Qxc5 20. Nxf5 Qxc3
21. Ne7+ Kh8 22. Bxb6 cxb6 23. Rac1 Qa3 24. Qh4 Rf7 25. Nd5 Qxa2 26. Rfd1 Be6
27. Nc7 Bb3 28. Rd8+ Rf8 29. Rxb8 Rxb8 30. Qe1 Qb2 31. e6 Qd4+ 32. Kh1 Ba4 33.
e7 e3 34. Ne6 Qd2 35. Nd8 Rc8 36. Nf7+ Kg8 37. Rxc8+ Kxf7 38. Qb1 Qd5 39. Rd8
Qc5 40. Rd3 Bc2 41. Qa2+ Kxe7 42. Qxa7+ Kf6 43. Qa1+ Kg6 44. Rc3 Qf5 45. Rc6+
Kh5 46. Qxg7 Qxf4 47. g4+ 1-0

[Event "NB2 Erkel csoport"]
[Site "Gyongyossolymos"]
[Date "2024.11.03"]
[Round "1.9"]
[White "Kunszt, Kazmer"]
[Black "Kovacs, Daniel"]
[Result "1/2-1/2"]
[WhiteElo "1898"]
[BlackElo "1992"]
[PlyCount "123"]
[EventDate "2024.11.03"]
[EventType "team-tourn"]
[EventRounds "11"]
[EventCountry "HUN"]
[Source "chess.hu"]
[SourceDate "2024.11.04"]
[WhiteTeam "Sport Muhely SE"]
[BlackTeam "Kekesi SE II"]
[WhiteTeamCountry "HUN"]
[BlackTeamCountry "HUN"]

1. d4 d5 2. Nf3 Nf6 3. Bf4 Bf5 4. e3 e6 5. Nbd2 Bd6 6. Bg3 Nbd7 7. Be2 Qe7 8.
Ne5 Bxe5 9. dxe5 Ne4 10. Nxe4 Bxe4 11. O-O h5 12. Bxh5 Qg5 13. Be2 O-O-O 14.
Bd3 Nxe5 15. f4 Rxh2 16. Bxe4 Qxg3 17. Qe1 Qxe1 18. Raxe1 Rh4 19. fxe5 Rxe4 20.
Rxf7 g5 21. Rg7 Rxe5 22. Rf1 d4 23. exd4 Rxd4 24. Rf8+ Rd8 25. Rff7 Rc5 26. c3
b6 27. Rf2 Rdd5 28. Kh2 Rf5 29. Re2 Rce5 30. Rd2 Rd5 31. Re2 Rfe5 32. Rf2 Re3
33. c4 Rd4 34. Rxg5 Rh4+ 35. Kg1 Re1+ 36. Rf1 Rxf1+ 37. Kxf1 Rxc4 38. Rb5 Kd7
39. Ke2 Rf4 40. Ke3 Rf7 41. Rb3 e5 42. Rd3+ Ke6 43. Rd8 Rg7 44. Kf3 e4+ 45. Kf2
e3+ 46. Kf3 c5 47. Re8+ Kd5 48. Rxe3 c4 49. Re8 b5 50. Rd8+ Kc6 51. g4 b4 52.
Rd4 Kc5 53. Rd2 c3 54. bxc3 bxc3 55. Rg2 Kd4 56. Ke2 Rb7 57. Rg3 Rb2+ 58. Kd1
Rxa2 59. g5 Rf2 60. g6 Rf8 61. g7 Rg8 62. Kc2 1/2-1/2

[Event "NB2 Erkel csoport"]
[Site "Gyongyossolymos"]
[Date "2024.11.03"]
[Round "1.10"]
[White "Kovacs, Veronika"]
[Black "Meszaros, Attila"]
[Result "1/2-1/2"]
[WhiteElo "1836"]
[BlackElo "1921"]
[PlyCount "140"]
[EventDate "2024.11.03"]
[EventType "team-tourn"]
[EventRounds "11"]
[EventCountry "HUN"]
[Source "chess.hu"]
[SourceDate "2024.11.04"]
[WhiteTeam "Kekesi SE II"]
[BlackTeam "Sport Muhely SE"]
[WhiteTeamCountry "HUN"]
[BlackTeamCountry "HUN"]

1. e4 c5 2. Nf3 d6 3. d4 cxd4 4. Nxd4 Nf6 5. Nc3 a6 6. Bd3 Nc6 7. Nb3 e6 8. O-O
Be7 9. Be3 O-O 10. h3 b5 11. a3 Bb7 12. Qe2 Qc7 13. Bf4 Rad8 14. Rfe1 Nd7 15.
Rad1 Nce5 16. Be3 Nc5 17. Nd4 d5 18. exd5 Bxd5 19. Bf4 Ncxd3 20. cxd3 f6 21.
Bxe5 fxe5 22. Nxd5 Rxd5 23. Nxe6 Qd7 24. Nxf8 Bxf8 25. Qe4 Bc5 26. Rc1 Bd4 27.
Rc2 Rd6 28. Qa8+ Kf7 29. Rec1 Kg6 30. Qe4+ Kh6 31. Qh4+ Kg6 32. g4 h6 33. Rc7
Qe6 34. Re7 Qf6 35. Qh5+ Kh7 36. Rf7 Qg5 37. Rcc7 Rg6 38. Qxg5 Rxg5 39. b3 h5
40. Rc6 hxg4 41. hxg4 Rxg4+ 42. Kf1 a5 43. a4 bxa4 44. bxa4 Rh4 45. Kg2 Rg4+
46. Kf3 Rg1 47. Rc4 Rf1 48. Ke4 Ra1 49. f4 Re1+ 50. Kf5 Rf1 51. Rxd4 exd4 52.
Rd7 Rb1 53. Ke4 Rb6 54. Rxd4 Kg6 55. Ke5 Rf6 56. Rd6 Rxd6 57. Kxd6 Kf5 58. d4
Kxf4 59. Ke6 g5 60. d5 g4 61. d6 g3 62. d7 g2 63. d8=Q g1=Q 64. Qf6+ Ke4 65.
Qf5+ Kd4 66. Qd5+ Kc3 67. Qxa5+ Kb3 68. Qb5+ Ka3 69. Kd5 Qg6 70. Kc5 Qg5+
1/2-1/2

[Event "NB2 Erkel csoport"]
[Site "Gyongyossolymos"]
[Date "2024.11.03"]
[Round "1.11"]
[White "Rakosi, Ferenc Dr"]
[Black "Kapicakova, Lucia"]
[Result "1/2-1/2"]
[WhiteElo "1922"]
[BlackElo "1845"]
[PlyCount "91"]
[EventDate "2024.11.03"]
[EventType "team-tourn"]
[EventRounds "11"]
[EventCountry "HUN"]
[Source "chess.hu"]
[SourceDate "2024.11.04"]
[WhiteTeam "Sport Muhely SE"]
[BlackTeam "Kekesi SE II"]
[WhiteTeamCountry "HUN"]
[BlackTeamCountry "HUN"]

1. d4 d5 2. Nf3 e6 3. Bf4 a6 4. Nbd2 Nf6 5. c3 Bd6 6. Bg3 Bxg3 7. hxg3 Qd6 8.
Ne5 Nbd7 9. f4 c5 10. e3 Ne4 11. Nxe4 dxe4 12. Qc2 cxd4 13. exd4 Nxe5 14. fxe5
Qc6 15. Rh4 h6 16. Qxe4 Qb6 17. O-O-O Bd7 18. Rf4 Bc6 19. Qc2 Qa5 20. Kb1 Rc8
21. Rc1 b5 22. Qf2 Rc7 23. Qd2 Bd5 24. b3 Ke7 25. Rf2 Rhc8 26. Kb2 Qb6 27. Bd3
b4 28. c4 Qxd4+ 29. Kb1 Qxe5 30. Rcf1 Bc6 31. Rxf7+ Kd6 32. Qxb4+ Qc5 33. Qxc5+
Kxc5 34. Rxc7 Rxc7 35. Re1 Kd4 36. Bf1 Be4+ 37. Kc1 Rf7 38. c5 a5 39. a3 Kc3
40. Re3+ Kd4 41. Re1 Kc3 42. Bc4 Bd5 43. Bxd5 exd5 44. Re3+ Kd4 45. Rf3 Rb7 46.
c6 1/2-1/2